|
|
|
|
| LEADER |
00000nab a2200000 a 4500 |
| 001 |
vtls000097195 |
| 003 |
SK-MaSNL |
| 005 |
20260304071824.0 |
| 008 |
250423c1981 xo 0 slo |
| 015 |
|
|
|a SNBRB19rr/mm-uuuuu
|
| 035 |
|
|
|a CL0107298
|
| 035 |
|
|
|a urn:nbn:sk:snk-abejdk
|
| 035 |
|
|
|a (urnnbn)urn:nbn:sk:snk:ar-000e0q
|
| 035 |
|
|
|a (uuid)74929125-523e-4411-b68f-b2a5d31e5ec7
|
| 040 |
|
|
|a SNKBUCL
|b slo
|c SNKBUCL
|e AACR2
|
| 041 |
0 |
|
|a slo
|
| 044 |
|
|
|a xo
|c SK
|
| 080 |
|
|
|a 885.4-1
|2 1981
|
| 100 |
1 |
|
|a Bednár, Marián,
|d 1939-2002
|4 aut
|9 212505
|
| 245 |
1 |
0 |
|a Naše dolniacke slnko ... [inc.]
|c Marián Bednár
|
| 650 |
0 |
7 |
|a slovenská poézia
|2 snkbucl
|9 215422
|
| 655 |
|
7 |
|a články z novín a časopisov
|2 snkbucl
|9 267496
|
| 655 |
|
7 |
|a články z odboru literárna veda a krásna literatúra
|2 snkbucl
|9 770045
|
| 773 |
0 |
|
|t Slovenské pohľady
|g Roč. 97, č. 7 (1981), s. 11
|
| 850 |
|
|
|a Slovenská národná knižnica
|
| 852 |
|
|
|a Slovenská národná knižnica
|
| 954 |
|
|
|a beletria pôvodná (slovenská)
|2 lita
|
| 958 |
|
|
|a article27
|
| 958 |
|
|
|a RK
|
| 958 |
|
|
|a LX
|
| 958 |
|
|
|a OND
|
| 958 |
|
|
|a EUIPO
|
| 992 |
|
|
|a RBX
|
| 999 |
|
|
|c 2762321
|d 2764251
|